[Event "Warsaw YMCA Winter-B 210th"]
[Site "Warsaw"]
[Date "2019.02.07"]
[Round "5"]
[White "Szukalski, Antoni"]
[Black "Prus, Maciej"]
[Result "1/2-1/2"]
[WhiteElo "1747"]
[BlackElo "1611"]
[PlyCount "56"]
[EventDate "2019.01.09"]
[EventType "swiss"]
[EventRounds "13"]
[EventCountry "POL"]
[SourceTitle "CBM 189 Extra"]
[Source "ChessBase"]
[SourceDate "2019.06.03"]
[SourceVersion "1"]
[SourceVersionDate "2019.06.03"]
[SourceQuality "1"]

1. d4 Nf6 2. c4 g6 3. Nc3 Bg7 4. Nf3 0-0 5. e4 d6 6. Be2 Nc6 7. 0-0 e5 8. dxe5 Nxe5 9. Nxe5 dxe5 10. Qxd8 Rxd8 11. Bg5 c6 12. Rfd1 Be6 13. f3 h6 14. Be3 b6 15. a4 Rd7 16. Rxd7 Nxd7 17. a5 bxa5 18. Rxa5 Rb8 19. Nd1 Nb6 20. Rxa7 Nxc4 21. Bxc4 Bxc4 22. Rc7 Bb5 23. Nc3 f5 24. Bc5 Bc4 25. b4 Bb5 26. Re7 Bf6 27. Rd7 Rd8 28. Rxd8+ Bxd8 1/2-1/2

[Event "Warsaw YMCA Winter-B 210th"]
[Site "Warsaw"]
[Date "2019.01.31"]
[Round "4"]
[White "Prus, Maciej"]
[Black "Jarmolowski, Tadeusz"]
[Result "1/2-1/2"]
[WhiteElo "1611"]
[BlackElo "1680"]
[PlyCount "27"]
[EventDate "2019.01.09"]
[EventType "swiss"]
[EventRounds "13"]
[EventCountry "POL"]
[SourceTitle "CBM 189 Extra"]
[Source "ChessBase"]
[SourceDate "2019.06.03"]
[SourceVersion "1"]
[SourceVersionDate "2019.06.03"]
[SourceQuality "1"]

1. e4 c5 2. Nf3 e6 3. d4 cxd4 4. Nxd4 Nf6 5. Nc3 Nc6 6. a3 Be7 7. Be2 d5 8. exd5 Nxd5 9. Nxd5 Qxd5 10. Bf3 Qe5+ 11. Be3 Bd7 12. Nxc6 Bxc6 13. Bxc6+ bxc6 14. Qd4 1/2-1/2